Statistics for Fuller House Characters

Click here to take the quiz!

General Stats

  • This quiz has been taken 98 times
  • The average score is 10 of 22

Answer Stats

CharacterActor% Correct
Kimmy GibblerAndrea Barber
76%
D.J. Tanner-FullerCandace Cameron Bure
71%
Stephanie TannerJodie Sweetin
71%
Danny TannerBob Saget
69%
Jesse KatsopolisJohn Stamos
66%
Rebecca KatsopolisLori Loughlin
59%
Jackson FullerMichael Campion
57%
Joey GladstoneDave Coulier
51%
Max FullerElias Harger
51%
Steve HaleScott Weinger
44%
FernandoJuan Pablo di Pace
41%
Dr. Matt HarmonJohn Brotherton
40%
Tommy Fuller Jr.Fox Messitt
39%
RoseMcKenna Grace
37%
Tommy Fuller Jr.Dashiell Messitt
36%
LolaAshley Liao
29%
Ramona GibblerSoni Bringas
29%
CJVirginia Williams
26%
Jimmy GibblerAdam Hagenbuch
24%
Bobby PopkoIsaak Presley
19%
Nicky KatsopolisBlake Tuomy-Wilhoit
16%
Alex KatsopolisDylan Tuomy-Wilhoit
14%

Score Distribution

Percentile by Number Answered

Percent of People with Each Score

Your Score History

You have not taken this quiz